Name The Food A-Z - Statistics

General Stats
  • This quiz has been taken 325 times
  • The average score is 13 of 26
Answer Stats
Hint Answer % Correct
Long yellow fruit Banana
97%
Dunkin' is famous for this Donut
96%
This was used to poison Snow White Apple
94%
Can be milk, dark, and white Chocolate
94%
A chicken would lay this Egg
94%
French _____ Fries
76%
Cold summer treat Ice Cream / Ice Pop
73%
Eaten on toast Jelly / Jam
66%
Yellow citrus fruit Lemon
65%
Fruit that shares a name with a color Orange
65%
Chocolate hazelnut spread Nutella
63%
Popular American food that's topped with cheese, pepperoni, etc. Pizza
59%
Hershey makes these little chocolates Kisses / Hershey's Kisses
48%
Melon that is green on the inside Honeydew
42%
Instant microwaveable noodles Ramen
40%
Common food when you're sick or during the wintertime Soup
36%
Eggs from this bird are considered a delicacy Quail
34%
Chocolate bar: Three _______ Musketeers
33%
Often eaten on biscuits Gravy
32%
Red, green, and white melon Watermelon
26%
Cake with fruit that's served inverted: Pineapple _______ ____ cake Upside Down / Upsidedown
21%
Carrots, cucumbers, radishes, and spinach are all examples of what? Vegetable
21%
Saltwater _____ Taffy
20%
Dairy product that's served in parfaits Yogurt
14%
Little Debbie snack Zebra Cake
6%
"Gum" ingredient that's found in a lot of food Xanthan
3%
No matching quizzes found
Score Distribution
Percent of People with Each Score
Percentile by Number Answered
Your Score History
You have not taken this quiz